000 00912nam a2200205Ia 4500
999 _c40326
_d40326
001 6934
003 GE_BSU
005 20200212112539.0
008 181216s1980||||ge |||||||||||||| ||geo||
040 _cGE_BSU
041 _ageo
080 _a821.353.1-1 გ-97
100 _aგურამიშვილი, დავით.
_96973
245 _aთხზულებათა სრული კრებული /
_cდავით გურამიშვილი ; შემდგ. სარგის ცაიშვილი ; რედ. თეიმურაზ აბულაძე.
264 _aთბილისი :
_bსაბჭ.საქართველო,
_c1980.
300 _a440 გვ. :
_bფოტო ;
_c21 სმ.
653 _aთხზულებანი
700 _a აბულაძე, თეიმურაზ
_eრედაქტორი
_96981
942 _cBK
_2udc